000 00679nam a2200241Ia 4500
003 OSt
005 20220928113122.0
006 a|||||r|||| 00| 0
007 ta
008 220927b |||||||| |||| 00| 0 eng d
024 _a50237
037 _cTextual
040 _aSDCL
_cSDCL
_beng
041 _2eng
_aeng
082 _aX:5171:(Z2), P8
100 _aTaxmann's
245 0 _aConsumer protection law manual with practice manual
260 _aNew Delhi
_bTaxmann Allied Services
_c2008
300 _avarious pagination
_ccm.
650 _aConsumer Protection Law
_9431660
942 _hX:5171:(Z2), P8
_cTEXL
_2CC
999 _c748174
_d748174